[Event "Russian Winter op"]
[Site "Moscow"]
[Date "1991.??.??"]
[Round "?"]
[White "Salov, Sergei"]
[Black "Noskov, Anatolij"]
[Result "0-1"]
[WhiteElo "2255"]
[BlackElo "2275"]

1.e4 e5 2.Nf3 Nc6 3.Bb5 a6 4.Ba4 Nf6 5.O-O b5 6.Bb3 Bb7 7.Re1 Bc5 8.c3 d6
9.d4 Bb6 10.Bg5 h6 11.Bh4 Qd7 12.a4 O-O-O 13.axb5 axb5 14.Bxf6 gxf6 15.Bd5 f5
16.Qd3 Kb8 17.exf5 exd4 18.Nxd4 Bxd4  0-1

[Event "Moscow5"]
[Site "Moscow"]
[Date "1991.??.??"]
[Round "?"]
[White "Lanka, Zigurds"]
[Black "Kuzmin, Alexey"]
[Result "0-1"]
[WhiteElo "2505"]
[BlackElo "2520"]

1.e4 e5 2.Nf3 Nc6 3.Bb5 a6 4.Ba4 Nf6 5.O-O b5 6.Bb3 Bb7 7.d3 Be7 8.Nc3 O-O
9.a3 d6 10.h3 h6 11.Ba2 Re8 12.Nh2 Bc8 13.f4 exf4 14.Bxf4 Be6 15.Bxe6 fxe6
16.a4 b4 17.Ne2 e5 18.Bd2 d5 19.exd5 Qxd5 20.Kh1 Rad8 21.b3 Kh7 22.Be3 Bc5
23.Qc1 Bxe3 24.Qxe3 e4 25.Nf4 Qg5 26.Qf2 Nd4 27.Rae1 Nf5 28.g4 e3 29.Qg1 Nd4
30.Rxe3 Nxc2 31.Rxe8 Rxe8 32.Qf2 Ne3 33.Rg1 Ned5 34.Ng2 Qe5 35.Re1 Qd6 36.Rf1 Kg8
37.Qd4 Re2 38.Rf3 Qc6 39.Qc4 Rc2 40.Qxc6 Rxc6 41.Nf1 Rc2 42.Nge3 Rb2 43.h4 Nxe3
44.Nxe3 Rxb3 45.g5 Rxd3 46.gxf6 b3 47.fxg7 b2 48.Rf8+ Kxg7 49.Rb8 Rxe3 50.Rxb2 Rh3+
51.Kg2 Rxh4 52.Rc2 Rxa4 53.Rxc7+ Kf6 54.Rc5 Re4 55.Kf3 Re5 56.Rc6+ Re6 57.Rc5 Ke7
58.Ra5 Kd7 59.Kg4 Kc7 60.Ra1 Kb6 61.Rb1+ Ka7 62.Ra1 Re5 63.Rh1 h5+ 64.Kh4 a5
65.Ra1 Kb6 66.Ra2 Kb5 67.Rb2+ Kc4 68.Rb8 a4  0-1

[Event "Moscow5"]
[Site "Moscow"]
[Date "1991.??.??"]
[Round "?"]
[White "Bologan, Viktor"]
[Black "Shirov, Alexei"]
[Result "0-1"]
[WhiteElo "2535"]
[BlackElo "2610"]

1.e4 e5 2.Nf3 Nc6 3.Bb5 a6 4.Ba4 Nf6 5.O-O b5 6.Bb3 Bb7 7.d3 Be7 8.Nc3 O-O
9.Bd2 d6 10.a4 Na5 11.Ba2 b4 12.Nd5 Nxd5 13.exd5 c5 14.dxc6 Nxc6 15.Bd5 Qa5
16.Ba2 d5 17.Re1 Bd6 18.Nh4 Bc8 19.c3 Be6 20.Qf3 bxc3 21.bxc3 Rab8 22.Nf5 Bc7
23.Ne3 Rfd8 24.Qd1 Qc5 25.Rb1 Qd6 26.Qh5 g6 27.Qh4 e4 28.Rxb8 Bxb8 29.Nf1 exd3
30.Bh6 Bf5 31.Ng3 Be4 32.Bb3 Bc7 33.Bd1 f5 34.Nxe4 fxe4 35.c4 Nd4 36.Bg5 Nf5
37.Qh3 Re8 38.cxd5 Qxd5 39.Bf6 Be5 40.Bg5 Bc3 41.Rf1 Bd4 42.Kh1 Rb8 43.g4 Rb1
44.gxf5 e3+ 45.Qg2 Qxg2+ 46.Kxg2 Rb2 47.Bf3 gxf5 48.Bd5+ Kg7 49.Kf3 e2 50.Rg1 Kf8
51.Rc1 h5 52.Rc8+ Kg7 53.Re8 Bc3 54.Bf4 Rb6 55.Be5+ Bxe5 56.Rxe5 Kf6 57.Re8 Rb1
58.Bc4 e1=Q 59.Rxe1 Rxe1 60.Bxd3 a5 61.Bb1 Rxb1  0-1

[Event "Russian Winter op"]
[Site "Moscow"]
[Date "1991.??.??"]
[Round "?"]
[White "Zakharov, Alexander V"]
[Black "Kuzmin, Gennadi P"]
[Result "1/2-1/2"]
[WhiteElo "2380"]
[BlackElo "2535"]

1.e4 e5 2.Nf3 Nc6 3.Bb5 a6 4.Ba4 Nf6 5.O-O b5 6.Bb3 Bb7 7.d3 Be7 8.a4 b4
9.Bg5 Na5 10.Nbd2 d6 11.Ba2 O-O 12.c3 bxc3 13.bxc3 Nd7 14.Bxe7 Qxe7 15.Re1 Nc5
16.Qc2 Rab8 17.d4  1/2-1/2

[Event "Russian Winter op"]
[Site "Moscow"]
[Date "1991.??.??"]
[Round "?"]
[White "Ageichenko, Genadi A"]
[Black "Ivanov, V."]
[Result "0-1"]
[WhiteElo "2350"]
[BlackElo "2315"]

1.e4 e5 2.Nf3 Nc6 3.Bb5 a6 4.Ba4 Nf6 5.O-O b5 6.Bb3 Bb7 7.c3 Nxe4 8.d4 Na5
9.Bc2 exd4 10.Re1 d5 11.Nxd4 c5 12.f3 cxd4 13.fxe4 dxe4 14.Bxe4 Bxe4 15.Qg4 Be7
16.Qxg7 Qd5 17.Nd2 O-O-O 18.Nxe4 d3 19.Bf4 Rhg8 20.Qh6 Kb7 21.Bg3 d2 22.Nxd2 Bc5+
23.Kh1 Rxg3 24.hxg3 Rd6 25.Re7+ Kb6 26.Qh4 Qxd2 27.Rxf7 Qxb2 28.Raf1 Qxc3
29.Rxh7 Nc6 30.Kh2 Rd3 31.Rf6 Bd6 32.Rhh6 Qe5 33.Rfg6 Ka5 34.Rh5 Qe1 35.Rhh6 Rd1
36.Kh3 Qh1+ 37.Kg4 Rd4+ 38.Kf5 Qf1+  0-1

[Event "Niksic"]
[Site "Niksic"]
[Date "1991.??.??"]
[Round "5"]
[White "Ivanovic, Bozidar"]
[Black "Todorovic, Goran M"]
[Result "1/2-1/2"]
[WhiteElo "2535"]
[BlackElo "2490"]

1.e4 e5 2.Nf3 Nc6 3.Bb5 a6 4.Ba4 Nf6 5.O-O b5 6.Bb3 Bb7 7.d4 Nxd4 8.Nxd4 exd4
9.e5 Ne4 10.Qf3 Qe7 11.Nd2 Nc5 12.Bd5 c6 13.b4 cxd5 14.bxc5 Qxc5 15.Nb3 Qxc2
16.Bd2 Be7 17.Rac1 Qe4 18.Qh3 Bc6 19.f4 d3 20.Rf3 Bb4  1/2-1/2

[Event "Nimes op"]
[Site "Nimes"]
[Date "1991.??.??"]
[Round "4"]
[White "Gola, Martin"]
[Black "Rause, Olita"]
[Result "1/2-1/2"]
[WhiteElo "2320"]
[BlackElo "2175"]

1.e4 e5 2.Nf3 Nc6 3.Bb5 a6 4.Ba4 Nf6 5.O-O b5 6.Bb3 Bb7 7.Re1 Bc5 8.c3 Bb6
9.d4 O-O 10.Bg5 h6 11.Bh4 Re8 12.a4 g5 13.Bg3 d6 14.axb5 axb5 15.Rxa8 Qxa8
16.d5 Ne7 17.Na3 Ba6 18.Bc2 Ng6 19.Bd3 c6 20.dxc6 Qxc6 21.Qe2 Rb8 22.Nxb5 Nxe4
23.Bxe4 Qxb5 24.Qc2 Nf8 25.h4 Bd8 26.b4 d5 27.Bf5 f6 28.hxg5 hxg5 29.Qd2 Rb6
30.Rd1 Bb7 31.Bc2 Be7 32.Bb3 Rd6 33.Ra1 Qd7  1/2-1/2

[Event "Nimes op"]
[Site "Nimes"]
[Date "1991.??.??"]
[Round "9"]
[White "Palac, Mladen"]
[Black "Rausis, Igors"]
[Result "1/2-1/2"]
[WhiteElo "2475"]
[BlackElo "2440"]

1.e4 e5 2.Nf3 Nc6 3.Bb5 a6 4.Ba4 Nf6 5.O-O b5 6.Bb3 Bb7 7.Re1 Bc5 8.c3 Bb6
9.d4 d6 10.d5 Na5  1/2-1/2

[Event "Oostende op"]
[Site "Oostende"]
[Date "1991.??.??"]
[Round "5"]
[White "Adams, Michael"]
[Black "Kuzmin, Alexey"]
[Result "0-1"]
[WhiteElo "2615"]
[BlackElo "2520"]

1.e4 e5 2.Nf3 Nc6 3.Bb5 a6 4.Ba4 Nf6 5.O-O b5 6.Bb3 Bb7 7.d3 Be7 8.c4 b4
9.Ba4 d6 10.Bd2 a5 11.a3 Nd7 12.Bxc6 Bxc6 13.axb4 axb4 14.Rxa8 Qxa8 15.Bxb4 f5
16.exf5 Bxf3 17.Qxf3 Qxf3 18.gxf3 Rf8 19.Nd2 Rxf5 20.Ra1 Nf8 21.Ra7 Ne6 22.Ba5 Bd8
23.b4 Rf4 24.b5 Rd4 25.Ne4 Rxd3 26.Bd2 d5 27.cxd5 Rxd5 28.b6 cxb6 29.Be3 Rd7
30.Ra8 Rd1+ 31.Kg2 Kd7 32.h3 Kc6 33.Ra2 Nf4+ 34.Kg3 Nh5+ 35.Kg4 g6 36.Rc2+ Kb7
37.f4 exf4 38.Bxf4 Nxf4 39.Kxf4 Bc7+ 40.Kg5 Rd5+ 41.Kf6 Rh5 42.Kg7 Bf4 43.Re2 b5
44.Kg8 Rxh3 45.Nf6 h5 46.Kf7 g5 47.Kg6 h4 48.Nd5 Kc6 49.Nxf4 gxf4 50.Kg5 f3
51.Rc2+ Kd5 52.Kg4 Rh1 53.Rd2+ Kc4 54.Rc2+ Kd3 55.Rb2 Rg1+ 56.Kxh4 Kc4  0-1

[Event "Oostende op"]
[Site "Oostende"]
[Date "1991.??.??"]
[Round "6"]
[White "Kovalev, Andrei"]
[Black "Kuzmin, Alexey"]
[Result "0-1"]
[WhiteElo "2550"]
[BlackElo "2520"]

1.e4 e5 2.Nf3 Nc6 3.Bb5 a6 4.Ba4 Nf6 5.O-O b5 6.Bb3 Bb7 7.Re1 Bc5 8.c3 d6
9.d4 Bb6 10.Bg5 h6 11.Bh4 g5 12.Bg3 O-O 13.Qd3 Nh5 14.Nbd2 Qf6 15.Bd5 Nxg3
16.hxg3 Rae8 17.Nb3 exd4 18.Bxc6 Bxc6 19.cxd4 Re7 20.Rac1 Bd7 21.Nfd2 Rfe8
22.Nb1 Be6 23.Nc3 Bc4 24.Qd1 c6 25.Re3 Bxb3 26.Qxb3 Bxd4 27.Rf3 Qe6 28.Qa3 Ra7
29.Ne2 Bg7 30.Rd1 d5 31.Qc5 Rae7 32.Nd4 Bxd4 33.Rxd4 dxe4 34.Ra3 a5 35.Rd6 Qe5
36.Qxc6 b4 37.Ra4 e3 38.fxe3 Qxg3 39.Rxa5 Qe1+ 40.Kh2 Qh4+ 41.Kg1 Rxe3 42.Rg6+ Kh7  0-1

[Event "Oslo Cup"]
[Site "Oslo"]
[Date "1991.??.??"]
[Round "3"]
[White "Watson, William N"]
[Black "Hellers, Ferdinand"]
[Result "1-0"]
[WhiteElo "2505"]
[BlackElo "2550"]

1.e4 e5 2.Nf3 Nc6 3.Bb5 a6 4.Ba4 Nf6 5.O-O b5 6.Bb3 Bb7 7.d3 Bd6 8.c3 O-O
9.Nbd2 Na5 10.Bc2 Re8 11.Re1 Bf8 12.d4 d5 13.Nxe5 dxe4 14.b4 Nc6 15.Nxf7 Kxf7
16.Nxe4 Rxe4 17.Bxe4 Nxe4 18.Qb3+ Kg6 19.Rxe4 h6 20.Qg8 Bc8 21.h4 Bf5 22.h5+ Kf6
23.Rf4 Ne7 24.Qb3 Nd5 25.Rf3 Ke6 26.Bxh6 Bg4 27.Rg3 Bxh5 28.Re1+ Kd6 29.Re5 Bf7
30.Rg6+  1-0

[Event "Oslo Cup"]
[Site "Oslo"]
[Date "1991.??.??"]
[Round "4"]
[White "Elseth, Roar"]
[Black "Tisdall, Jonathan D"]
[Result "1-0"]
[WhiteElo "2345"]
[BlackElo "2435"]

1.e4 e5 2.Nf3 Nc6 3.Bb5 a6 4.Ba4 Nf6 5.O-O b5 6.Bb3 Bb7 7.Re1 Bc5 8.c3 d6
9.d4 Bb6 10.Bg5 h6 11.Bh4 g5 12.Bg3 O-O 13.dxe5 dxe5 14.Qe2 Nh5 15.Bd5 Qf6
16.Nbd2 Rad8 17.a4 Kh8 18.axb5 axb5 19.Rad1 Rg8 20.Bxc6 Nxg3 21.hxg3 Bxc6
22.Nh2 g4 23.Nhf1 h5 24.Ne3 h4 25.gxh4 Qxh4 26.Nf5 Qg5 27.Nf1 Rde8 28.N1g3 Rg6
29.Qd2 Qf6 30.b4 Qe6 31.Qd3 Kg8 32.Kf1 Ra8 33.Rd2 Bb7 34.Ke2 c5 35.Red1 Bc6
36.Ke1 cxb4 37.cxb4 Rd8 38.Qc2 Rxd2 39.Rxd2 Kh7 40.Rd6 Qe8 41.Qc1 Re6 42.Qg5 Qf8
43.Qh5+  1-0

[Event "Pereira op"]
[Site "Pereira"]
[Date "1991.??.??"]
[Round "?"]
[White "Garcia, Gildardo"]
[Black "Alzate, Dario"]
[Result "1/2-1/2"]
[WhiteElo "2445"]
[BlackElo "2375"]

1.e4 e5 2.Nf3 Nc6 3.Bb5 a6 4.Ba4 Nf6 5.O-O b5 6.Bb3 Bb7 7.Re1 Bc5 8.c3 d6
9.d4 Bb6 10.Bg5 h6 11.Bh4 g5 12.Bg3 O-O 13.dxe5 Nxe5 14.Nxe5 dxe5 15.Qf3 Re8
16.Na3 Qe7 17.Rad1 Rad8 18.Rxd8 Qxd8 19.Nc2 Qe7 20.Nb4 a5 21.Nd5 Nxd5 22.exd5 e4
23.d6 cxd6 24.Qf5 d5 25.Bxd5 Bxd5 26.Qxd5 Qc5 27.Qxc5 Bxc5 28.Rd1 Bb6 29.Kf1 Rd8
30.Rxd8+ Bxd8 31.f3 exf3 32.gxf3 f5 33.Ke2 Kf7 34.Kd3 Ke6 35.c4 b4 36.b3 Bb6
37.Bb8 h5 38.h3 h4 39.Ke2 Bd8 40.Ba7 Bc7 41.Bd4 Bd8 42.Be3 Kd6 43.Kd3 Kc6
44.Bd4  1/2-1/2

[Event "Philadelphia World op"]
[Site "Philadelphia"]
[Date "1991.??.??"]
[Round "2"]
[White "Dolmatov, Sergey"]
[Black "Emms, John M"]
[Result "1-0"]
[WhiteElo "2605"]
[BlackElo "2425"]

1.e4 e5 2.Nf3 Nc6 3.Bb5 a6 4.Ba4 Nf6 5.O-O b5 6.Bb3 Bb7 7.Re1 Bc5 8.c3 d6
9.d4 Bb6 10.Bg5 h6 11.Bh4 g5 12.Bg3 O-O 13.Qd2 Nh5 14.a4 Nxg3 15.hxg3 Qf6
16.Bd5 exd4 17.Bxc6 Bxc6 18.a5 Ba7 19.Nxd4 Bd7 20.Na3 Rfe8 21.Nac2 Qg6 22.Nf5 Bc5
23.b4 Ba7 24.g4 Qf6 25.Nce3 Bxe3 26.Rxe3 Re5 27.Rae1 Rae8 28.Qd4 Bxf5 29.gxf5 c5
30.Qd1 cxb4 31.cxb4 Kg7 32.Qd2 g4 33.g3 h5 34.Rd3 Rd8 35.Kg2 d5 36.Rd4 Rd6
37.Rd1 Rd8 38.Re1 Rd6 39.Re3 Rd8 40.Re2 Rd6 41.Re1 Rd8 42.Rd1 Rd6 43.Qf4 Rd8
44.Rxd5 Rdxd5 45.Rxd5 Rxd5 46.exd5 Qc3 47.Qg5+ Kf8 48.f6 Qf3+ 49.Kg1 Qd1+
50.Kh2 Qd4 51.Qg7+ Ke8 52.Qg8+ Kd7 53.Qxf7+  1-0

[Event "Philadelphia World op"]
[Site "Philadelphia"]
[Date "1991.??.??"]
[Round "6"]
[White "Henry, Ronald"]
[Black "Emms, John M"]
[Result "0-1"]
[WhiteElo "2275"]
[BlackElo "2425"]

1.e4 e5 2.Nf3 Nc6 3.Bb5 a6 4.Ba4 Nf6 5.O-O b5 6.Bb3 Bb7 7.c3 Nxe4 8.d4 Na5
9.Nxe5 Nxb3 10.Qxb3 Qf6 11.f3 Nc5 12.Ng4 Nxb3 13.Nxf6+ gxf6 14.Re1+ Be7 15.axb3 d6
16.c4 Kd7 17.Nc3 f5 18.Be3 Bf6 19.Nd5 Bxd5 20.cxd5 Rhe8 21.Bf2 Rxe1+ 22.Rxe1 a5
23.Kf1 a4 24.Ra1 h5 25.Ke2 c6 26.Kd3 cxd5 27.bxa4 bxa4 28.Be1 Kc6 29.Bb4 Ra6
30.Rc1+ Kb5 31.Ba3 Rc6 32.Rxc6 Kxc6 33.Kc3 Bd8 34.Kb4 Bb6 35.Kxa4 Bxd4 36.b4 Be5
37.b5+ Kb6 38.h3 d4 39.Bb4 d3 40.Ba5+ Kc5 41.Bd2 d5 42.Ka5 Kc4 43.b6 Kb3
44.f4 Bd4 45.b7 Ba7 46.Bb4 Bb8 47.Kb5 d4 48.Ba5 Kc2 49.Kc6 d2 50.Bc7 d1=Q
51.Bxb8 Qe2 52.Bd6 Qa6+ 53.Kc7 Qc4+ 54.Kd8 Qb5  0-1

[Event "Philadelphia World op"]
[Site "Philadelphia"]
[Date "1991.??.??"]
[Round "8"]
[White "Wolff, Patrick G"]
[Black "Emms, John M"]
[Result "1/2-1/2"]
[WhiteElo "2545"]
[BlackElo "2425"]

1.e4 e5 2.Nf3 Nc6 3.Bb5 a6 4.Ba4 Nf6 5.O-O b5 6.Bb3 Bb7 7.c3 Nxe4 8.d4 Na5
9.Bc2 exd4 10.Bxe4 Bxe4 11.Re1 d5 12.Nxd4 Be7 13.f3 Bxb1 14.Bg5 Be4 15.Bxe7 Qxe7
16.fxe4 O-O 17.exd5 Qd7 18.Qf3 g6 19.Qf6 Qxd5 20.Re7 Rae8 21.Rxc7 Nc4 22.Nc6 Ne3
23.Qf3 Qd6 24.Rb7 Re6 25.Nd4 Re5 26.Re1 Nc4 27.Re2 Rxe2 28.Qxe2 h5 29.h3 Ne5
30.Qe4 Re8 31.Ra7  1/2-1/2

[Event "Rubinstein mem"]
[Site "Polanica Zdroj"]
[Date "1991.??.??"]
[Round "1"]
[White "Dolmatov, Sergey"]
[Black "Mainka, Romuald"]
[Result "1/2-1/2"]
[WhiteElo "2605"]
[BlackElo "2445"]

1.e4 e5 2.Nf3 Nc6 3.Bb5 a6 4.Ba4 Nf6 5.O-O b5 6.Bb3 Bb7 7.Re1 Bc5 8.c3 d6
9.d4 Bb6 10.Be3 h6 11.h3 O-O 12.Nbd2 Re8 13.d5 Ne7 14.Bxb6 cxb6 15.a4 bxa4
16.Bxa4 Rf8 17.Bc2 Nd7 18.Nc4 Qc7 19.Ne3 b5 20.Nh4 g6 21.g3 Kg7 22.Kh2 Rae8
23.f4 Ng8 24.f5 Ngf6 25.Nf3 g5 26.Nd2 Qb6 27.b4 Rc8 28.Ra3 Rc7 29.Qe2 Rfc8
30.Qd3 a5 31.bxa5 Qc5 32.Rb3 Ba6 33.Nd1 Qa7 34.Qe3 Nc5 35.Rb4 Ncd7 36.Bd3 Qxe3
37.Rxe3 Nc5 38.Bxb5 Ra7 39.Bc6 Bd3 40.Nf2 Bc2 41.Nc4 Rd8 42.Na3 Ba4 43.Bxa4 Rxa5
44.Nb5 Nxa4 45.Kg2 Nc5 46.Kf3 h5 47.c4 Rb8 48.Rb1 Ra4 49.Rc3 Ra2 50.Rcc1 Rba8
51.Ke3 R8a6 52.Rd1 Kf8 53.g4 h4 54.Nd3 Nfxe4 55.Nb4 R6a3+ 56.Nxa3 Rxa3+ 57.Nd3 Nc3
58.Rb8+ Kg7 59.Rd2 N3e4 60.Rd1 Nc3 61.f6+ Kh7 62.Nxc5 Nxd1+ 63.Kd2 Ne3 64.Nd7 Nxc4+
65.Ke2 e4 66.Nf8+ Kh6 67.Nd7 Kh7 68.Nf8+ Kh6 69.Nd7 Kh7  1/2-1/2

[Event "Rubinstein mem"]
[Site "Polanica Zdroj"]
[Date "1991.??.??"]
[Round "5"]
[White "Lau, Ralf"]
[Black "Mainka, Romuald"]
[Result "1/2-1/2"]
[WhiteElo "2500"]
[BlackElo "2445"]

1.e4 e5 2.Nf3 Nc6 3.Bb5 a6 4.Ba4 Nf6 5.O-O b5 6.Bb3 Bb7 7.c3 Nxe4 8.d4 Na5
9.Nxe5 Nxb3 10.Qxb3 Nd6 11.c4 bxc4 12.Nxc4 Nxc4 13.Re1+ Be7 14.Qxc4 O-O 15.Bf4 d6
16.Nc3 Qd7 17.Rac1 Rae8 18.h3 Bd8 19.Qa4 Rxe1+ 20.Rxe1 Qf5 21.Bg3 h5 22.f3 Qg5
23.Kh2 h4 24.Bf2 Qd2 25.Re2 Qf4+ 26.Kg1 Qc1+ 27.Qd1 Qxd1+ 28.Nxd1 Bf6 29.Nc3 Rb8
30.Ne4 Bd8 31.b3 Kf8 32.Rc2 Ke8 33.Nd2 Kd7 34.Nc4 g6 35.Kf1 f5 36.Ke2 Bf6
37.Kd3 Bc6 38.Kc3 Bd5 39.a4 Bg7 40.b4 Bf6 41.Rb2 Bc6 42.Ra2 Ke6 43.Na5 Bd5
44.Re2+ Kf7 45.Rb2 g5 46.Nc4 Bc6 47.Kb3 Re8 48.Rc2 Bd5 49.Kc3 Kg6 50.Ne3 Be6
51.Kd2 Re7 52.Rc6 g4 53.hxg4 fxg4 54.fxg4 Bg5 55.Rxa6 Bd5 56.Ra5 Be4 57.Kc3 Bxe3
58.Bxe3 Bxg2  1/2-1/2

[Event "Rubinstein mem"]
[Site "Polanica Zdroj"]
[Date "1991.??.??"]
[Round "7"]
[White "Romanishin, Oleg M"]
[Black "Mainka, Romuald"]
[Result "1/2-1/2"]
[WhiteElo "2600"]
[BlackElo "2445"]

1.e4 e5 2.Nf3 Nc6 3.Bb5 a6 4.Ba4 Nf6 5.O-O b5 6.Bb3 Bb7 7.d3 Bd6 8.a3 O-O
9.c4 Na5 10.cxb5 axb5 11.Ba2 c5 12.Bg5 h6 13.Bxf6 Qxf6 14.Nc3 b4 15.Nd5 Qd8
16.Ne3 bxa3 17.bxa3 Kh7 18.Nd2 Ra7 19.Ndc4 Nxc4 20.Bxc4 Qg5 21.Qb3 Bc6 22.Bxf7 c4
23.Qxc4 Ra4 24.Qb3 Bc5 25.Nd1 Ra6 26.Qc4 Bd4 27.Qxa6 Bxa1 28.Bd5 Bxd5 29.Qd6 Rf6
30.Qxd5 Bd4 31.Qxd7 Qd2 32.Qh3 Qe2 33.a4 h5 34.a5 g5 35.a6 Kh6 36.Qd7 Rxa6
37.Ne3 Bxe3 38.fxe3 Qxe3+ 39.Kh1 Qf2 40.Rg1 h4 41.Qc8 Rf6 42.Qh8+ Kg6 43.Qe8+ Kh6
44.Qxe5 g4 45.d4 Rf4 46.h3 Kg6 47.d5 Qe3 48.Ra1 Rf6 49.hxg4 h3 50.Rg1 hxg2+
51.Rxg2 Rf3 52.Qe6+ Kg7 53.Qe7+ Kg6 54.Qe6+ Kg7 55.Qe7+ Kg6  1/2-1/2

[Event "Recife"]
[Site "Recife"]
[Date "1991.??.??"]
[Round "?"]
[White "Zapata, Alonso"]
[Black "Milos, Gilberto"]
[Result "1/2-1/2"]
[WhiteElo "2530"]
[BlackElo "2530"]

1.e4 e5 2.Nf3 Nc6 3.Bb5 a6 4.Ba4 Nf6 5.O-O b5 6.Bb3 Bb7 7.c3 Nxe4 8.d4 Na5
9.Bc2 exd4 10.Re1 d5 11.Nxd4 c5 12.Nf5 Qd7 13.Ne3 O-O-O 14.f3 d4 15.cxd4 cxd4
16.Bd2 Nc6 17.fxe4 dxe3 18.Bxe3 Qxd1 19.Bxd1 Ne5 20.Nc3 Bb4 21.a3 Bxc3 22.bxc3  1/2-1/2

[Event "Recife"]
[Site "Recife"]
[Date "1991.??.??"]
[Round "7"]
[White "Van Riemsdijk, Herman C"]
[Black "Milos, Gilberto"]
[Result "1/2-1/2"]
[WhiteElo "2450"]
[BlackElo "2530"]

1.e4 e5 2.Nf3 Nc6 3.Bb5 a6 4.Ba4 Nf6 5.O-O b5 6.Bb3 Bb7 7.d3 Be7 8.Nc3 O-O
9.Nd5 Na5 10.Nxe7+ Qxe7 11.Nh4 Nxb3 12.Nf5 Qe6 13.axb3 d5 14.f3 Ne8 15.Be3 Nd6
16.Bc5 Rfe8 17.Bxd6 cxd6 18.c4 dxc4 19.bxc4 g6 20.Ne3 f5  1/2-1/2

[Event "Reggio Emilia91 Top15"]
[Site "Reggio Emilia"]
[Date "1991.??.??"]
[Round "?"]
[White "Ljubojevic, Ljubomir"]
[Black "Gulko, Boris F"]
[Result "1-0"]
[WhiteElo "2590"]
[BlackElo "2575"]

1.e4 e5 2.Nf3 Nc6 3.Bb5 a6 4.Ba4 Nf6 5.O-O b5 6.Bb3 Bb7 7.Re1 Bc5 8.c3 d6
9.d4 Bb6 10.Be3 O-O 11.Nbd2 h6 12.h3 Re8 13.d5 Ne7 14.Bxb6 cxb6 15.Bc2 Ng6
16.Bd3 Rc8 17.Rc1 Nd7 18.b4 Qe7 19.g3 Rc7 20.Nf1 Nf6 21.Ne3 Bc8 22.Kh2 Bd7
23.Re2 Rec8 24.Rec2 Qd8 25.Nd2 Ne8 26.Qe2 Kh8 27.Nb1 Kg8 28.a4 bxa4 29.Bxa6 Ra8
30.Na3 Ne7 31.Bb5 f5 32.Bxd7 Qxd7 33.Nb5 Rb7 34.exf5 Nxf5 35.Nxf5 Qxf5 36.c4 Rf7
37.Qe3 Qf3 38.Qxb6 Qb3 39.Nxd6 Nxd6 40.Qxd6 a3 41.Qxe5 a2 42.Rb2 Qd3 43.Ra1 Qxc4
44.Qe2 Qxd5 45.Raxa2 Raf8 46.Qe3 Kh8 47.Rd2 Qc4 48.Rab2 Rf3 49.Qe1 Qb5 50.Rd4 Qb6
51.Rbd2 Rb3 52.Qe4 Rbf3 53.Kg1 Kg8 54.Rd6 Qa7 55.Qd5+ Kh8 56.Qd4 Qxd4 57.R6xd4 Rb3
58.Rd8 Kg8 59.Rxf8+ Kxf8 60.Rd4 g5 61.h4 Kg7 62.h5 Kf6 63.Rd6+ Kf5 64.Rxh6 Rxb4
65.Kg2 Rb8 66.Rh7 Ra8 67.Kh3  1-0

[Event "Reggio mem Chicco"]
[Site "Reggio Emilia"]
[Date "1991.??.??"]
[Round "?"]
[White "Godena, Michele"]
[Black "Braga, Fernando"]
[Result "1/2-1/2"]
[WhiteElo "2405"]
[BlackElo "2445"]

1.e4 e5 2.Nf3 Nc6 3.Bb5 a6 4.Ba4 Nf6 5.O-O b5 6.Bb3 Bb7 7.d3 Be7 8.Nc3 O-O
9.Bd2 d6 10.Nd5 Nxd5 11.Bxd5 Qd7 12.a4 Rfb8 13.axb5 axb5 14.Rxa8 Rxa8 15.d4 exd4
16.Nxd4 Nxd4 17.Bxb7 Ra4 18.Bc3 Ne6 19.Bd5 c6 20.Bxe6 Qxe6 21.f3 h6 22.Qd2  1/2-1/2

[Event "Reggio Emilia91 Top15"]
[Site "Reggio Emilia"]
[Date "1991.??.??"]
[Round "?"]
[White "Romanishin, Oleg M"]
[Black "Beliavsky, Alexander G"]
[Result "0-1"]
[WhiteElo "2610"]
[BlackElo "2640"]

1.e4 e5 2.Nf3 Nc6 3.Bb5 a6 4.Ba4 Nf6 5.O-O b5 6.Bb3 Bb7 7.d3 Bd6 8.a3 O-O
9.c4 Na5 10.cxb5 axb5 11.Ba2 c5 12.Bg5 h6 13.Bxf6 Qxf6 14.Nc3 b4 15.Nd5 Qd8
16.Ne3 Re8 17.Nd2 Nc6 18.Qh5 Rf8 19.Nf5 Qf6 20.Nc4 Bc7 21.Nce3 Qg5 22.Qd1 bxa3
23.bxa3 Nd4 24.h4 Qd8 25.Qg4 Nxf5 26.Nxf5 Qf6 27.Ng3 Qd6 28.Nf5 Qf6 29.Ne3 d6
30.Qd7 Qd8 31.Qxd8 Bxd8 32.g3 Bc8 33.Bd5 Ra7 34.a4 g6 35.Rfb1 Bc7 36.Bc4 Kg7
37.Nd5 Ba5 38.Nb6 Bg4 39.Kg2 Bc3 40.Ra3 Bb4 41.Ra2 Rb8 42.Nd5 Ra5 43.Bb3 Bd7
44.Bd1 f5 45.f3 Be6 46.Bb3 Bd7 47.Bd1 Rb7 48.Ne3 Rba7 49.Nc4 R5a6 50.Rba1 f4
51.gxf4 exf4 52.Bb3 Kf6 53.a5 Be6 54.Ra4 d5 55.exd5 Bxd5 56.Nd2 Bc6 57.Ne4+ Ke5
58.R4a2 Bxe4 59.dxe4 Rxa5 60.Rxa5 Rxa5 61.Rxa5 Bxa5 62.Kf1 Bd8 63.Bf7 Kd4
64.Ke2 Kc3 65.Bxg6 Bxh4 66.e5 c4 67.Bf7 Bd8 68.Kd1 Bc7 69.e6 Bd6 70.e7 Bxe7
71.Kc1 Ba3+ 72.Kd1 Kb3 73.Kd2 h5 74.Kd1 h4 75.Be6 Kc3 76.Ke2 Bb4 77.Kd1 Kd3  0-1

[Event "Reggio Emilia91 Top15"]
[Site "Reggio Emilia"]
[Date "1991.??.??"]
[Round "?"]
[White "Ljubojevic, Ljubomir"]
[Black "Beliavsky, Alexander G"]
[Result "1/2-1/2"]
[WhiteElo "2590"]
[BlackElo "2640"]

1.e4 e5 2.Nf3 Nc6 3.Bb5 a6 4.Ba4 Nf6 5.O-O b5 6.Bb3 Bb7 7.Re1 Bc5 8.c3 d6
9.d4 Bb6 10.Be3 O-O 11.Nbd2 h6 12.h3 Nd7 13.Nf1 Ne7 14.Ng3 c5 15.Re2 Qc7
16.Rd2 Nf6 17.Bc2 Rad8 18.Rc1 Ng6 19.a4 Rfe8 20.d5 c4 21.Bxb6 Qxb6 22.axb5 axb5
23.b3 cxb3 24.Bxb3 Bc8 25.c4 Bd7 26.Rdc2 Rc8 27.cxb5 Qxb5 28.Rxc8 Rxc8 29.Rxc8+ Bxc8
30.Ba4 Qa5 31.Qc2 Ba6 32.Qc6 Kh7 33.Kh2 Nf4 34.Nh4 Bd3 35.Bc2 Qd2 36.Bxd3 Nxd3
37.Qxd6 Nxf2 38.Qf8 Qg5 39.Ngf5 N2xe4 40.Qxf7 Nc5 41.d6 e4 42.Qe7 Ncd7 43.Qe6 Qf4+
44.Kg1 Qc1+ 45.Kh2 Qg5 46.Kg1 Nc5 47.Qe7 Nfd7 48.Qe8 Qf6 49.Qe7 Kg8 50.Qe8+ Kh7
51.Qe7 Qa1+ 52.Kh2 Qe5+ 53.Kg1 Qf6 54.Kf2 Qb2+ 55.Kg3 Qe5+ 56.Qxe5 Nxe5 57.Ne3 g6
58.Kf2 Kg7 59.Ke2 Kf7 60.g4 Ke6 61.Nhg2 Kxd6 62.Nf4 Ncd3 63.Nfg2 Nf3 64.h4 Ke5
65.Nc4+ Kd4 66.Nd6 g5 67.hxg5 hxg5 68.Ne3 Nf4+ 69.Kf2 Kd3 70.Nec4 Nd2 71.Nb2+ Kc2
72.Na4 Kd3 73.Nb2+ Kd4 74.Nf5+ Kd5 75.Ng3 Nb3 76.Ke3 Nc5 77.Nd1 Ke5 78.Nc3 Nd5+
79.Nxd5 Kxd5 80.Nf5 Nd7 81.Ne7+ Ke6 82.Nc6  1/2-1/2

[Event "Reggio mem Chicco"]
[Site "Reggio Emilia"]
[Date "1991.??.??"]
[Round "?"]
[White "Mokry, Karel"]
[Black "Braga, Fernando"]
[Result "1-0"]
[WhiteElo "2510"]
[BlackElo "2445"]

1.e4 e5 2.Nf3 Nc6 3.Bb5 a6 4.Ba4 Nf6 5.O-O b5 6.Bb3 Bb7 7.d3 Bc5 8.Nc3 O-O
9.a4 Nd4 10.Nxe5 Nxb3 11.cxb3 d5 12.Bg5 Be7 13.axb5 axb5 14.Rxa8 Bxa8 15.Nxb5 Nxe4
16.Bxe7 Qxe7 17.Nf3 Nf6 18.Qc1 Rc8 19.Re1 Qb4 20.Nbd4 Kf8 21.Qf4 Kg8 22.Qe5 h6
23.Nf5 Re8 24.Qc3 Rxe1+ 25.Nxe1 Qf4 26.Nd4 Kh7 27.Nef3 Bb7 28.b4 Nd7 29.g3 Qd6
30.Nf5 d4 31.Qxd4 Qg6 32.Qxd7 Bxf3 33.Nh4 Qg4 34.Qxg4 Bxg4 35.f3 Bh3 36.Kf2 Be6
37.Ke3 g5 38.Ng2 Bd5 39.Ne1 Kg6 40.Kd4 Bb7 41.Ke5 Bc8 42.d4 Kg7 43.d5 f6+
44.Kd4 Kf7 45.Kc5 Ke7 46.Kc6 Kd8 47.d6 Bd7+ 48.Kc5 Bc8 49.Kc6 Bd7+ 50.Kc5 Bc8
51.Nc2 Kd7 52.dxc7 Bb7 53.Nd4 Kxc7 54.f4 gxf4 55.gxf4 Be4 56.Nb5+ Kd7 57.Nd4 h5
58.h4 Bg2 59.Nf5 Bf3 60.Nd4 Bh1 61.b3 Be4 62.Ne2 Bh1 63.b5  1-0

[Event "Salamanca"]
[Site "Salamanca"]
[Date "1991.??.??"]
[Round "3"]
[White "Sanz Alonso, Francisco Javier"]
[Black "Oltra Caurin, Ramon"]
[Result "1/2-1/2"]
[WhiteElo "2415"]
[BlackElo "2440"]

1.e4 e5 2.Nf3 Nc6 3.Bb5 a6 4.Ba4 Nf6 5.O-O b5 6.Bb3 Bb7 7.Re1 Bc5 8.c3 d6
9.d4 Bb6 10.h3 h6 11.Be3 O-O 12.d5 Ne7 13.Bxb6 cxb6 14.Nbd2 Nd7 15.a3 Bc8
16.c4 bxc4 17.Nxc4 Nc5 18.Bc2 f5 19.exf5 Bxf5 20.b4 Bxc2 21.Qxc2 Nb7 22.Ncd2 Qd7
23.Qb3 Kh8 24.Nc4 Qb5 25.Red1 Rac8 26.Rac1 Na5 27.Nxa5 bxa5 28.Rc3 axb4 29.Rxc8 Rxc8
30.Qxb4 Qxb4 31.axb4 Rb8 32.Ra1 Rxb4 33.Rxa6 e4 34.Ne1 Rb1 35.Kf1 Nxd5 36.Rxd6 Nf4
37.Rd4 Nxg2 38.Rxe4 Nxe1  1/2-1/2

[Event "San Fernando op"]
[Site "San Fernando"]
[Date "1991.??.??"]
[Round "?"]
[White "Vazquez, Rod"]
[Black "Garcia Palermo, Carlos"]
[Result "1-0"]
[WhiteElo "2460"]
[BlackElo "2455"]

1.e4 e5 2.Nf3 Nc6 3.Bb5 a6 4.Ba4 Nf6 5.O-O b5 6.Bb3 Bb7 7.d3 Bd6 8.c3 O-O
9.Re1 Re8 10.Nbd2 Bf8 11.a3 h6 12.Ba2 d6 13.b4 a5 14.Bb2 Nd7 15.Qb3 Qf6 16.Nf1 Nb6
17.Ne3 Ne7 18.Rad1 Bc8 19.c4 axb4 20.axb4 bxc4 21.dxc4 Ng6 22.Bc1 Nf4 23.Rd2 g6
24.Qd1 h5 25.g3 Nd3 26.Rxd3 Rxa2 27.Qb3 Ra1 28.Ba3 Rxe1+ 29.Nxe1 Bh3 30.c5 dxc5
31.bxc5 Nd7 32.Qc4 Rb8 33.Rd1 Qc6 34.Nf3 Be6 35.Nd5 f6 36.Nh4 Kg7 37.Nb4 Rxb4
38.Qxb4 Nxc5 39.Rc1  1-0

[Event "San Francisco"]
[Site "San Francisco"]
[Date "1991.??.??"]
[Round "2"]
[White "Wolff, Patrick G"]
[Black "Tal, Mihail"]
[Result "1-0"]
[WhiteElo "2520"]
[BlackElo "2570"]

1.e4 e5 2.Nf3 Nc6 3.Bb5 a6 4.Ba4 Nf6 5.O-O b5 6.Bb3 Bb7 7.c3 Nxe4 8.d4 Na5
9.Nxe5 Nxb3 10.Qxb3 Qf6 11.f3 Nc5 12.Ng4 Nxb3 13.Nxf6+ gxf6 14.Re1+ Be7 15.axb3 d6
16.Bf4 Kd7 17.Nd2 a5 18.Nf1 Bd5 19.c4 Bc6 20.Ne3 a4 21.d5 Bb7 22.Ra3 Rhb8
23.cxb5 axb3 24.Rxb3 Ra4 25.g3 Ba6 26.Nf5 Bd8 27.Re4 Ra1+ 28.Kf2 Rxb5 29.Rxb5 Bxb5
30.Rb4 Bd3 31.Nd4 Ra5 32.Ke3 Bb1 33.Nb5 f5 34.Nc3 Ba2 35.b3 Bf6 36.Kd3 Bxc3
37.Kxc3 Bb1 38.Rd4 Ra2 39.Rd1 Rc2+ 40.Kb4 Rb2 41.Rc1 Ba2 42.Ka3 Rxh2 43.Ra1 Bxb3
44.Kxb3 Rf2 45.Rh1 Rxf3+ 46.Kc4 Ke7 47.Rxh7 Kf6 48.Rh8 Rf2 49.Rc8 Rc2+ 50.Kd3 Rc5
51.Kd4 Ke7 52.Bg5+ f6 53.Bf4 Rc2 54.Rh8 Kf7 55.Rh1  1-0